Ladies in the Field: Sketches of Sport

Saved in:
Bibliographic Details
Other Authors: Greville, Beatrice Violet Graham, 1842-1932 (Editor)
Format: Electronic eBook
Language:English
Published: Project Gutenberg, 2012
Series:Project Gutenberg 39025
Online Access:http://www.gutenberg.org/etext/39025
Rights
Tags: Add Tag
No Tags, Be the first to tag this record!
Call Number :

MARC

LEADER 00000cam a22000003a 4500
001 76949
003 MY-KLNDU
005 20241219034943.0
008 210403s2012||||xxu|||||s|||||000 | eng d
035 |a (PGUSA)39025 
039 9 |y 202104031429  |z VLOAD 
040 |a PGUSA  |b eng 
042 |a dc 
245 1 0 |a Ladies in the Field: Sketches of Sport  |h [electronic resource] /  |c ; edited by Beatrice Violet Graham, 1842-1932 Greville 
260 |b Project Gutenberg,  |c 2012 
500 |a Project Gutenberg 
506 |a Freely available. 
516 |a Electronic text 
599 |a Dummy Record 
700 1 |a Greville, Beatrice Violet Graham, 1842-1932,  |e Editor 
830 0 |a Project Gutenberg  |v 39025 
856 4 0 |u http://www.gutenberg.org/etext/39025 
856 4 2 |u http://www.gutenberg.org/license  |3 Rights 
999 |a vtls000087890  |c 76949  |d 76949